| 000 | 01112nam a2200313 a 4500 | ||
|---|---|---|---|
| 001 | 2002107 | ||
| 003 | OSt | ||
| 005 | 20230620111000.0 | ||
| 008 | 921123s1988 be b 000 0 eng d | ||
| 010 | _a 90123269 | ||
| 020 | _a9290560371 | ||
| 035 | _a(OCoLC)21447954 | ||
| 040 |
_aWU _cWU _dOCoLC _dNcD _dViBlbV _dDLC |
||
| 042 | _alccopycat | ||
| 043 | _ad------ | ||
| 082 | 0 | 4 |
_a320.91 _bCAO |
| 245 | 0 | 0 |
_aParticipative administration and endogenous development / _cedited by Huỳnh Cao Trí ; V.A. Pai Panandiker ... [et al.]. |
| 260 |
_aBrussels, Belgium : _bIISA ; _aParis, France : _bUnesco, _cc1988. |
||
| 300 |
_a253 p. ; _c25 cm. |
||
| 504 | _aIncludes bibliographical references. | ||
| 650 | 0 |
_aPublic administration _xCitizen participation. |
|
| 650 | 0 |
_aEconomic development _xSocial aspects. |
|
| 651 | 0 |
_aDeveloping countries _xPolitics and government. |
|
| 700 | 1 | _aHuỳnh, Cao Trí. | |
| 700 | 2 |
_aPai Panandiker, V. A., _d1935- |
|
| 906 |
_a7 _bcbc _ccopycat _d4 _encip _f19 _gy-gencatlg |
||
| 942 |
_2ddc _cBK |
||
| 999 |
_c1623 _d1623 |
||